| 000 | 00425nam a2200157Ia 4500 | ||
|---|---|---|---|
| 003 | Ost | ||
| 005 | 20260225132540.0 | ||
| 008 | 260225s9999||||xx |||||||||||||| ||und|| | ||
| 040 | _cfsic | ||
| 041 | _afre | ||
| 082 | _a302.23 | ||
| 100 |
_aMarc feno/Jean planchais _eAuteur |
||
| 245 | 0 | _aLes médias et l'histoire,le poids du passé dans le chaos de l'actualité / | |
| 245 | 0 | _cMarc feno/Jean planchais | |
| 942 | _cكتاب | ||
| 999 |
_c33459 _d33459 |
||